000 00728nam a2200265Ia 4500
001 20158
005 20240114000504.0
007 ta
008 060220s2002 a g b000 u 465 u
020 _cHB
040 _aCotton College,Assam
041 _a465
082 _a820.954
_bSh 92 In
100 _aShukla, Sheobhushan .
245 0 _aIndian English Novel in the Nineties /
_cSheobhushan Shukla & Anu Shukla.
_hTextual Documents
250 _a1st ed. /
260 _aNew Delhi :
_bSarup & Sons ,
_c2002.
300 _a154p. :
_bill ;
_c22cm .
653 _aEnglish Literature-Criticism
653 _aG-English
700 _aShukla, Anu .
942 _2ddc
_cBK
999 _c20140
_d20140